ՀՀ Գիտությունների ազգային ակադեմիայի հիմնարար գիտական գրադարան  =   Fundamental Scientific Library of NAS RA

Исследование и прогнозирование условий накопления ресурсов газа в газогидратных залежах / (Record no. 293491)

MARC details
000 -LEADER
fixed length control field 01351nam a2200253 u 4500
001 - CONTROL NUMBER
control field 000809315
003 - CONTROL NUMBER IDENTIFIER
control field AM-YeHGA
005 - DATE AND TIME OF LATEST TRANSACTION
control field 20250617144418.0
008 - FIXED-LENGTH DATA ELEMENTS--GENERAL INFORMATION
fixed length control field 110512s1983 ||| r 000 0 rus d
040 ## - CATALOGING SOURCE
Original cataloging agency AM-YeHGA
041 0# - LANGUAGE CODE
Language code of text/sound track or separate title rus
090 ## - LOCALLY ASSIGNED LC-TYPE CALL NUMBER (OCLC); LOCAL CALL NUMBER (RLIN)
-- 295176
100 1# - MAIN ENTRY--PERSONAL NAME
Personal name Черский, Николай Васильевич
245 10 - TITLE STATEMENT
Title Исследование и прогнозирование условий накопления ресурсов газа в газогидратных залежах /
Statement of responsibility, etc. Н.В. Черский, В.П. Царев, С.П. Никитин; АН СССР, Сиб. отд-ние, Якут. фил., Ин-т физ.-техн. пробл. Севера.
260 ## - PUBLICATION, DISTRIBUTION, ETC.
Place of publication, distribution, etc. Якутск :
Name of publisher, distributor, etc. ЯФСО АН СССР,
Date of publication, distribution, etc. 1983.
300 ## - PHYSICAL DESCRIPTION
Extent 155 с. :
Other physical details ил., карт.
504 ## - BIBLIOGRAPHY, ETC. NOTE
Bibliography, etc. note Библиогр.: с. 143-153
653 0# - INDEX TERM--UNCONTROLLED
Uncontrolled term Газы природные горючие - Происхождение
653 0# - INDEX TERM--UNCONTROLLED
Uncontrolled term Газы природные горючие - Гидратообразование
700 1# - ADDED ENTRY--PERSONAL NAME
Personal name Царев, Владимир Петрович
700 1# - ADDED ENTRY--PERSONAL NAME
Personal name Никитин, Сергей Петрович
710 2# - ADDED ENTRY--CORPORATE NAME
Corporate name or jurisdiction name as entry element Академия наук СССР
Subordinate unit Сибирское отделение
710 2# - ADDED ENTRY--CORPORATE NAME
Corporate name or jurisdiction name as entry element Институт физико-технических проблем Севера ЯФСО АН СССР
Holdings
Withdrawn status Lost status Damaged status Not for loan Collection Home library Current library Date acquired Total checkouts Full call number Barcode Date last seen Price effective from Koha item type Public note
        General Fundamental Scientific Library Fundamental Scientific Library 29/12/2016   PII/517704 FL0201141 29/12/2016 29/12/2016 Գրքեր / Books 30 Days Loan
        General Fundamental Scientific Library Fundamental Scientific Library 29/12/2016   PII/521464 FL0191455 29/12/2016 29/12/2016 Գրքեր / Books 30 Days Loan


ՀՀ ԳԱԱ հիմնարար գիտական գրադարան
ՀՀ,Երևան 0019
Մարշալ Բաղրամյան 24/6
հեռախոս:(374-10) 52-47-50
Հետադարձ կապ

All site content, except where otherwise noted, is licensed under a
Creative Commons License